Law Without Frontiers : (Record no. 1011)

MARC details
000 -LEADER
fixed length control field 00654nam a22001817a 4500
005 - DATE AND TIME OF INPUT
control field 20231128124839.0
008 - DATA ELEMENTS--GENERAL INFORMATION
fixed length control field 231128b |||||||| |||| 00| 0 eng d
020 ## - INTERNATIONAL STANDARD BOOK NUMBER
International Standard Book Number 9041108513 ; 1853330965
041 ## - LANGUAGE CODE
Language code of text English
082 ## - SHELF NUMBER
DDC number 340.1 INT
100 ## - MAIN AUTHOR
Language of a work English
245 ## - TITLE STATEMENT
Title Law Without Frontiers :
Sub-title A Comparative Survey of the Rules of Professional Ethics Applicable to the Cross-Border Practice of Law /
Statement of responsibility, etc. edited by E Godfrey
250 ## - EDITION STATEMENT
Edition statement First Edition
260 ## - PUBLICATION, DISTRIBUTION, ETC.
Place of publication, distribution, etc. London :
Name of publisher, distributor, etc. International Bar Association,
Date of publication, distribution, etc. 1995
300 ## - PHYSICAL DESCRIPTION
Other physical details xii, 378 pages ;
Dimensions 25 cm.
650 ## - SUBJECT`
Broad subject Legal practice
Own subject terms Law
942 ## - ADDED ENTRY ELEMENTS (KOHA)
Item type Books
942 ## - ADDED ENTRY ELEMENTS (KOHA)
-- ALISON_BN_VRIES
Holdings
Source of classification or shelving scheme Not for loan Collection code Home library Current library Shelving location Date acquired Full call number Barcode Price effective from Koha item type
Dewey Decimal Classification   TEXT BOOKS LAW SOCIETY OF NAMIBIA LIBRARY - WINDHOEK LAW SOCIETY OF NAMIBIA LIBRARY - WINDHOEK General Shelf 11/28/2023 340.1 INT LSN/1997/40 11/28/2023 Books